Informe sobre el treball social amb immigrants estrangers a la província de Barcelona / coordinació, Lali Biosca
Descripción Física:
277 p. ; 24 cm
Colección:
Col·lecció Serveis Socials ; 8
Otros Autores:
Biosca i Rovira, Lali
MARC
| LEADER | 00000nam a2200000Ia 4500 | ||
|---|---|---|---|
| 001 | 9728 | ||
| 008 | 160829s1992 xx 000 0 cat d | ||
| 080 | |a S-1-43 | ||
| 245 | |a Informe sobre el treball social amb immigrants estrangers a la província de Barcelona / coordinació, Lali Biosca | ||
| 260 | |a Barcelona : |b Diputació de Barcelona. Servei de Serveis Socials, |c 1992 | ||
| 300 | |a 277 p. ; |c 24 cm | ||
| 490 | |a Col·lecció Serveis Socials ; 8 | ||
| 650 | 0 | |a Immigrants |x Serveis socials |z Barcelona (Província) |9 36296 | |
| 651 | 0 | |a Barcelona (Catalunya : Província) |x Emigració i immigració |9 52863 | |
| 700 | 1 | |a Biosca i Rovira, Lali |9 27173 | |
| 710 | |a Barcelona (Catalunya : Província). |b Servei de Serveis Socials |9 2896 | ||
| 901 | |a Arxiu | ||
| 942 | |n 1 | ||
| 952 | |0 0 |1 0 |4 0 |6 S143 |7 1 |9 54202 |a Arxiu |b Arxiu |d 2016-12-01 |l 0 |o S-1-43 |p 9728 |r 2016-12-01 00:00:00 |w 2016-12-01 |y ARXIU | ||
| 999 | |c 58071 |d 58071 | ||